000 01155nam0a2200361 4500
001 RU\NLR\bibl\209609
005 20260406002717.0
010 _a5-05-005262-9
_955000
021 _aRU
_b2001-33215
_91582
035 _a(NLR Aleph) 000205835
090 _a1193884
_c1193884
100 _a20011129d2001 |||y0rusy50 ca
101 1 _arus
_ceng
102 _aRU
105 _ay |||||||||
200 1 _aНаследница Горячих Ключей
_eРоман
_fКэрол Грейс
_gПер. с англ. [В. Челноковой]
_gHarlequin
210 _aМ.
_cРадуга
_d2001
215 _a172, [1] с.
_d17
225 1 _aЛюбовный роман
_v504
610 0 _aЛюбовь (х. л.)
675 _a821.111(73)-31Грейс
_v3
_zrus
686 _a17.82
_2rugasnti
686 _a84(7Сое)-44
_2rubbk
686 _aШ6(7США)67-440.4
700 1 _4070
_8rus
_7ca
_aГрейс
_bК.
_gКэрол
_3RU\NLR\AUTH\77112248
_995173
801 0 _aRU
_bRKP
_c20011129
_gPSBO
801 1 _aRU
_bRKP
_c20011129
801 2 _aRU
_bNLR
_c20011218
_grcr
942 _cBOOK
980 _aNB